000 00572cam a2200193 i 4500
005 20260222124319.0
008 250721s2005 xxk gr 000 0 eng d
020 _a0340838426
082 1 4 _a613.2/JOS
100 1 _aJoshi, Nsih
_eAuthor.
245 1 0 _aDr Joshis Holistic Detox :
_b21 DAYS TO A HEALTHIER, SLIMMER YOU- FOR LIFE /
_cAUTHOR.
250 _aFirst Edition.
264 3 1 _alondon :
_bthe joshi clinic,
_c2005.
300 _apages 192.
650 1 7 _aHEALTH.
650 1 7 _aDETOXIFICATION ( HEALTH).
942 _2ddc
_cBK
999 _c128653
_d128653